000 00715pam a2200265 i 4500
001 9066
003 BD-RjUL
005 20211208234718.0
008 140120s1979 enka b 001 0 eng d
020 _a0582460271
035 _a(BD-RjUL)9111
040 _aDLC
_cDLC
_dDLC
_d(BD-RjUL)
_beng
041 _aeng
082 0 0 _a539
_bBUE
100 1 _aBurcham, W. E.
_928145
245 1 0 _aElements of nuclear physics /
_cW. E. Burcham.
260 _aLondon ;
_aNew York :
_bLongman,
_c1979.
300 _axii, 409 p. :
_bill. ;
_c22 cm.
500 _aIncludes index.
504 _aBibliography: p. 371-372.
650 0 _aNuclear physics.
_928146
942 _2ddc
_cBK
999 _c9066
_d9066